Bush at War (Record no. 549944)
[ view plain ]
| 000 -LEADER | |
|---|---|
| fixed length control field | 00510ncm a2200169 a 4500 |
| 020 ## - INTERNATIONAL STANDARD BOOK NUMBER | |
| International Standard Book Number | 0743204735 (hb) |
| 082 ## - DEWEY DECIMAL CLASSIFICATION NUMBER | |
| Classification number | 956.70443 |
| Author Mark | WOO |
| -- | L-40, p-73 |
| 100 1# - MAIN ENTRY--PERSONAL NAME | |
| Personal name | Woodward, Bob |
| 9 (RLIN) | 37767 |
| 245 1# - TITLE STATEMENT | |
| Title | Bush at War |
| 260 ## - PUBLICATION, DISTRIBUTION, ETC. | |
| Place of publication, distribution, etc. | New York : |
| Name of publisher, distributor, etc. | Simon & Schuster , |
| Date of publication, distribution, etc. | 2002 |
| 300 ## - PHYSICAL DESCRIPTION | |
| Extent | 376p. : ill. |
| 526 ## - STUDY PROGRAM INFORMATION NOTE | |
| Program name | 0 |
| Interest level | 0 |
| Reading level | 0 |
| Title point value | 956_704430000000000_WOO |
| 526 ## - STUDY PROGRAM INFORMATION NOTE | |
| Program name | 0 |
| Interest level | 0 |
| Reading level | 0 |
| Title point value | 956_704430000000000_WOO |
| 650 ## - SUBJECT ADDED ENTRY--TOPICAL TERM | |
| Topical term or geographic name entry element | Bush, George W. (George Walker), 1946 -- Military Leadership |
| 9 (RLIN) | 46676 |
| 650 ## - SUBJECT ADDED ENTRY--TOPICAL TERM | |
| Topical term or geographic name entry element | MCE |
| 9 (RLIN) | 379 |
| 942 ## - ADDED ENTRY ELEMENTS (KOHA) | |
| Source of classification or shelving scheme | |
| Koha item type | Book |
| Withdrawn status | Lost status | Source of classification or shelving scheme | Damaged status | Not for loan | Permanent Location | Current Location | Date acquired | Total Checkouts | Full call number | Barcode | Date last seen | Price effective from | Koha item type | Date last checked out |
|---|---|---|---|---|---|---|---|---|---|---|---|---|---|---|
| Military College of Engineering (MCE) | Military College of Engineering (MCE) | 10/16/2014 | 956.70443 WOO | MCE-36625 | 10/16/2014 | 10/16/2014 | Book | |||||||
| Military College of Engineering (MCE) | Military College of Engineering (MCE) | 10/16/2014 | 1 | 956.70443 WOO | MCE-36624 | 11/06/2017 | 10/16/2014 | Book | 10/04/2017 |
